Arrondissements de Nouvelle-Aquitaine - Mort subite - Statistiques

Statistiques générales
  • Ce quiz a été pris 114 fois
  • Le résultat moyen est 6 sur 16
Answers on the Grid
Answers color-coded by a green-red scale on the quiz's grid according to % correct below.
Rochechouart
Aubusson
Mont-de-Marsan
Dax
Oloron-Sainte-Marie
Saint-Jean-d'Angély
Niort
Châtellerault
Brive-la-Gaillarde
Tulle
Nontron
Nérac
Agen
Cognac
Angoulême
Bordeaux
La Souterraine
Saint-Astier
Saint-Junien
Biarritz
Mauléon-Licharre
Capbreton
Surgères
Tonneins
La Réole
Montauban
Thouars
Jarnac
Mauriac
Condom
Argelès-Gazost
Figeac
 
Statistiques - réponses
Réponse % Correct
Angoulême
51%
Bordeaux
49%
Niort
49%
Cognac
46%
Dax
43%
Agen
41%
Mont-de-Marsan
41%
Oloron-Sainte-Marie
41%
Tulle
41%
Brive-la-Gaillarde
37%
Châtellerault
35%
Saint-Jean-d'Angély
30%
Nérac
27%
Aubusson
24%
Rochechouart
22%
Nontron
21%
Aucun quiz correspondant
Distribution des résultats
% des personnes avec chaque résultat
Percentile par nombre de réponses
Votre historique - résultats
Vous n’avez pas pris ce quiz